| 000 | 00425nam a2200181Ia 4500 | ||
|---|---|---|---|
| 008 | 180207s9999 xx 000 0 und d | ||
| 020 | _a9780590486590 | ||
| 050 | _bH681 1983 | ||
| 100 | _aHoban, Tana. | ||
| 245 | _aI read signs : | ||
| 245 | _bplay ground / | ||
| 245 | _cTana Hoban. | ||
| 260 | _aNew York : | ||
| 260 | _bScholastic, | ||
| 260 | _c1983 | ||
| 300 | _a32 pages : | ||
| 300 | _bcolor illustration ; | ||
| 999 |
_c355247 _d355247 |
||